• 首页
  • 本馆介绍
  • 公告通知
  • 最新文献
  • 馆藏检索
  • 电子资源
  • 读者导购
  • 参考咨询
  • 我的图书馆
  • 登录
  • 详细信息显示
  • 放入我的书架
  • 预约/预借图书
  • 作者相关作品
  • 分类相关作品
  • 丛书相关作品
  • 出版社相关作品

书目信息

  • 表格格式
  • 工作单格式
  • 卡片格式
题名:
光纤通信
    
 
作者: 米勒 , Miller , 楚诺委斯 , Chynoweth 著 ;白其章 译
分册: 上  
出版信息: 北京   人民邮电出版社  1983
页数: 351页
开本: 21cm
丛书名:
单 册:
中图分类: TN929.11 , TN929.1
科图分类:
主题词: 光纤通信 , 光通信 , 激光通信
电子资源:
ISBN:
000 01033nam0 2200349 45
001 0183005350
005 20040517092958.0
010    @dCNY1.80
091    @a15045.总2762-有5318
100    @a19950725d1983 em y0chiy0121 ea
101 1  @achi@ceng
102    @aCN@b110000
105    @ay z000yy
106    @ar
200 10 @a光纤通信@h上@Aguang qian tong xin@f(美)米勒(S.E.Miller),(美)楚诺委斯(A.G.Chynoweth)等著@g白其章译
210    @a北京@c人民邮电出版社@d1983
215    @a351页@d21cm
300    @a书名原文:Optical Fiber Telecommunications
510 1  @aOptical Fiber Telecommunications@zeng
606    @a光纤通信
606 0  @a光通信
606 0  @a激光通信
690    @aTN929.11@v3 
690    @aTN929.1
701  1 @a米勒@Ami le@bS.E.@4著@f美
701 A1 @aMiller@bS.E.@4著
701  1 @a楚诺委斯@Achu nuo wei si@bA.G.@4著
701 A1 @aChynoweth@bA.G.@4著
702  0 @a白其章@Abai qi zhang@4译
801  0 @aCN@b上海图书馆@c20040517
801  2 @aCN@bNLC@c20040517
905    @f1@b109282@dTN929.1@e5:1
    
    光纤通信.上/(美)米勒(S.E.Miller),(美)楚诺委斯(A.G.Chynoweth)等著/白其章译.-北京:人民邮电出版社,1983
    351页;21cm
    书名原文:Optical Fiber Telecommunications
    
    ISBN :CNY1.80
    
●
相关链接 在E读中查询图书 在五车中查询图书 在当当中查询图书 在豆瓣中查询图书


正题名:光纤通信     索取号:TN929.1/5:1         预约/预借

序号 登录号 条形码 馆藏地/架位号 状态 备注
1 0109282   001324267   第三借阅区/ [索取号:TN929.1/5:1] 在馆    
2 0109283   001324221   第二样本阅览室/ [索取号:TN929.1/5:1] 在馆    
唐山师范学院图书馆 欢迎您!
大连网信软件有限公司© 版权所有